| 000 | 00452nam a2200181Ia 4500 | ||
|---|---|---|---|
| 005 | 20250603145621.0 | ||
| 008 | 250603s9999 xx 000 0 und d | ||
| 020 | _a9780198724230 | ||
| 050 | _aJF 1351 .T48/ | ||
| 100 | _aTheodoulou, Stella Z. | ||
| 245 | 0 | _aPublic administration: a very short introduction | |
| 260 | _aNew York | ||
| 260 | _bOxford University Press | ||
| 260 | _c2016 | ||
| 300 | _a122 p | ||
| 650 | _aNew York | ||
| 942 | _cBK | ||
| 999 |
_c42358 _d42358 |
||